Statistics for Red Sox Retired Players

Click here to take the quiz!

General Stats

  • This quiz has been taken 10 times
  • The average score is 7 of 10

Answer Stats

Jersey
Number
Player% Correct
#34David Ortiz
100%
#9Ted Williams
100%
#8Carl Yastrzemski
90%
#45Pedro Martinez
90%
#26Wade Boggs
80%
#27Carlton Fisk
70%
#14Jim Rice
70%
#1Bobby Doerr
60%
#4Joe Cronin
40%
#6Johnny Pesky
40%

Score Distribution

Percentile by Number Answered

Percent of People with Each Score

Your Score History

You have not taken this quiz